Herbal Medicine (Record no. 5706)

MARC details
000 -LEADER
fixed length control field 00569nam a22002177a 4500
003 - CONTROL NUMBER IDENTIFIER
control field OSt
005 - DATE AND TIME OF LATEST TRANSACTION
control field 20170321185907.0
008 - FIXED-LENGTH DATA ELEMENTS--GENERAL INFORMATION
fixed length control field 170321b xxu||||| |||| 00| 0 eng d
020 ## - INTERNATIONAL STANDARD BOOK NUMBER
International Standard Book Number 9780857110350
040 ## - CATALOGING SOURCE
Transcribing agency DMLN
082 ## - DEWEY DECIMAL CLASSIFICATION NUMBER
Classification number QV766 H43b 2013
100 ## - MAIN ENTRY--PERSONAL NAME
Personal name Brian, Mathew
9 (RLIN) 11873
245 ## - TITLE STATEMENT
Title Herbal Medicine
250 ## - EDITION STATEMENT
Edition statement 4th ed.
260 ## - PUBLICATION, DISTRIBUTION, ETC. (IMPRINT)
Place of publication, distribution, etc. London; Pharmaceutical Press, 2013
300 ## - PHYSICAL DESCRIPTION
Extent ix,912p; col.ill: 28cm
504 ## - BIBLIOGRAPHY, ETC. NOTE
Bibliography, etc References, appendices, & index included
650 ## - SUBJECT ADDED ENTRY--TOPICAL TERM
Topical term or geographic name as entry element Herbal medicine
9 (RLIN) 2339
650 ## - SUBJECT ADDED ENTRY--TOPICAL TERM
Topical term or geographic name as entry element Pharmacy
9 (RLIN) 11874
942 ## - ADDED ENTRY ELEMENTS (KOHA)
Source of classification or shelving scheme Other/Generic Classification Scheme
Koha item type Short Loan
Holdings
Withdrawn status Lost status Source of classification or shelving scheme Damaged status Not for loan Home library Current library Date acquired Source of acquisition Inventory number Total Checkouts Full call number Barcode Date last seen Koha item type
    Other/Generic Classification Scheme     Pharmacy Department Library Pharmacy Department Library 21/03/2017   14/37418   QV766 H43b 2013 2017-0456 21/03/2017 Short Loan